Espejo del amor... vida de la madre Sor María Villoni religiosa del sagrado orden de predicadores... de Nápoles

Detalles Bibliográficos
Autor principal: ZUAZO, Antonio Jacinto de (Fray)
Formato: Libro
Publicado: Madrid 1692
Materias:
Colección:Banco de datos
Acervo:Biblioteca Nacional de Antropología e Historia. Fondo Conventual
Tema general:Biografías
Notas:Mala. XVIII,2,4. Ex libris del Convento de Santa Isabel.
LEADER 00778nam a22001930004500
035 |a 13019 
036 |a 565 
100 1 |a ZUAZO, Antonio Jacinto de (Fray) 
245 1 0 |a Espejo del amor... vida de la madre Sor María Villoni religiosa del sagrado orden de predicadores... de Nápoles 
260 |a Madrid  |b Juan García Infanzón  |c 1692 
500 |a Mala. XVIII,2,4. Ex libris del Convento de Santa Isabel. 
650 1 0 |a Biografías 
949 |a B.N.A.H. 
959 |a Biblioteca Nacional de Antropología e Historia. Ciudad de México  |b CCC1 
960 |a Colección General de B.N.A.H. de la ciudad de México  |b DD58 
961 |a Varias Ordenes Religiosas  |b VO 
942 |c B.N.A.H. 
943 |g Biblioteca Nacional de Antropología e Historia. Fondo Conventual 
999 |c 1037551  |d 1037551